000 00602nam a2200181Ia 4500
001 1511
005 20260306143734.0
008 260306t2015||||xx |||||||||||||| ||spa||
041 _aESP
082 _a150.7
_bC39
100 _aCaycho Rodríguez, Tomas
_eAUT
245 0 _aBreve panorama de la investigación en psicologia:
_bactas del X Congreso Nacional de Profesionales y Estudiantes de Psicología Desarrollo de Capital Humano: Investigación y estrategias de intervención
260 _c2015
300 _a107 páginas :
_c22 cm.
650 _aGEN
654 _aCPS
942 _cLIB
_dJUS
_fJUS
_2ddc
_n
999 _c1511
_d1511